| 000 | 00324nam a2200133Ia 4500 | ||
|---|---|---|---|
| 008 | 230917s9999||||xx |||||||||||||| ||und|| | ||
| 040 |
_e80435 _aMAIN |
||
| 041 | _aEnglish | ||
| 082 | _a346.0922 T199T | ||
| 245 | 0 | _aTasman's SEBI manual 2001 | |
| 260 |
_aNew Delhi _bTaxmann Allied _c2001 |
||
| 300 | _av. p. | ||
| 942 | _cBK | ||
| 999 |
_c111830 _d111830 |
||